[Event "IMB3"]
[Site "Marianske Lazne CZE"]
[Date "2010.01.17"]
[Round "2"]
[White "Hantak,A"]
[Black "Roesemann,R"]
[Result "1/2-1/2"]
[WhiteElo "2195"]
[BlackElo "2261"]

1.d4 Nf6 2.c4 e6 3.g3 Bb4+ 4.Bd2 Qe7 5.Bg2 Bxd2+ 6.Nxd2 d5 7.Ngf3 O-O 8.O-O b6
9.Qc2 Bb7 10.Ne5 c5 11.dxc5 Qxc5 12.Nd3 Qc7 13.Rac1 Na6 14.cxd5 Qxc2 15.Rxc2 Bxd5
16.Rfc1 Rad8 17.b4 Bxg2 18.Kxg2 Nd5 19.a3 f5 20.Nf3 h6 21.Nfe5 Nb8 22.Nf4 Nxf4+
23.gxf4 Na6 24.Rc6 Rfe8 25.h4 h5 26.Kf3 Kf8 27.Ng6+ Kf7 28.Ne5+ Kf8 29.Ke3 Kg8
30.Rg1 Rc8 31.Rg5 Nb8 32.Rd6 Rc3+ 33.Rd3 Rxd3+ 34.exd3 Rc8 35.Kd2 Na6 36.Rg1 Kf8
37.d4 Rc7 38.Rg6 Re7 39.Rg5 Kg8 40.Rxh5 Re8 41.Ng6 Kf7 42.Ne5+ Kg8 43.Rg5 Nc7
44.a4 Nd5 45.b5 Nxf4 46.Nc6 Nd5 47.Rg1 Ra8 48.Re1 Kf7 49.Ne5+ Kg8 50.Nf3 a6
51.Rxe6 axb5 52.axb5 Ra2+ 53.Ke1 Ra1+  1/2-1/2

[Event "8th Parsvnath Open"]
[Site "New Delhi IND"]
[Date "2010.01.21"]
[Round "10"]
[White "Navalgund,N"]
[Black "Arindam,M"]
[Result "0-1"]
[WhiteElo "2168"]
[BlackElo "2323"]

1.d4 Nf6 2.c4 e6 3.g3 Bb4+ 4.Bd2 Bxd2+ 5.Nxd2 O-O 6.Bg2 d5 7.Ngf3 c6 8.O-O Nbd7
9.Qc2 Re8 10.e4 dxe4 11.Nxe4 Nxe4 12.Qxe4 Nf6 13.Qe2 Qc7 14.Rad1 b6 15.Ne5 Bb7
16.g4 Rab8 17.Rd3 Nd7 18.Rfd1 Nf8 19.g5 Ng6 20.Nxg6 hxg6 21.Qe5 Re7 22.f4 Rd8
23.Kf2 Red7 24.Qxc7 Rxc7 25.Be4 Kf8 26.Rh3 Ke7 27.Rdd3 Rcd7 28.Ke3 c5 29.Bxb7 cxd4+
30.Ke4 Rxb7 31.Rxd4 Rxd4+ 32.Kxd4 Rd7+ 33.Kc3 Rd1 34.Rh8 Rf1 35.Ra8 Rf3+
36.Kb4 Rxf4 37.Rxa7+ Kd6 38.Kb5 e5 39.b4 e4 40.Kxb6 e3 41.Ra3 e2 42.Re3 Rxc4
43.b5 Rc2 44.a4 f5 45.gxf6 gxf6 46.a5 f5 47.a6 f4 48.Rd3+ Ke7 49.a7 Ra2 50.Rd2 Rxd2
51.a8=Q e1=Q 52.Qa3+ Kf7 53.Qc5 Qe3  0-1

[Event "III Carlos Gamarra Mem"]
[Site "Asuncion URU"]
[Date "2010.01.25"]
[Round "8"]
[White "Diaz Hollemaert,N"]
[Black "Brito,L"]
[Result "1-0"]
[WhiteElo "2456"]
[BlackElo "2340"]

1.d4 Nf6 2.c4 e6 3.g3 Bb4+ 4.Bd2 Qe7 5.Bg2 Bxd2+ 6.Qxd2 d6 7.Nc3 Nbd7 8.Nf3 c6
9.O-O O-O 10.e4 e5 11.Nh4 Nb6 12.b3 Ne8 13.Rad1 g6 14.Qh6 Qf6 15.Ne2 g5 16.Qxf6 Nxf6
17.Nf3 Bg4 18.Nc3 Rae8 19.Rd2 h6 20.h3 Bc8 21.Ne1 Re7 22.Nc2 Nh5 23.Rfd1 Ng7
24.Ne3 h5 25.d5 Ne8 26.dxc6 bxc6 27.Nf5 Bxf5 28.exf5 Rc7 29.Ne4 d5 30.cxd5 cxd5
31.Nxg5 Nf6  1-0

[Event "2nd Chennai Open"]
[Site "Chennai IND"]
[Date "2010.01.28"]
[Round "5"]
[White "Aravind,S2"]
[Black "Phoobalan,P"]
[Result "1/2-1/2"]
[WhiteElo "2103"]
[BlackElo "2312"]

1.d4 Nf6 2.c4 e6 3.g3 Bb4+ 4.Bd2 Be7 5.Bg2 d5 6.Nf3 O-O 7.O-O b6 8.Nc3 Bb7
9.cxd5 exd5 10.Bf4 Nbd7 11.Ne5 c5 12.e3 Ne4 13.Nxe4 Nxe5 14.Bxe5 dxe4 15.dxc5 Bxc5
16.Qg4 g6 17.Qf4 f6 18.Bc3 Qe7 19.Rfd1 Qe6 20.h4 a5 21.a3 Rf7 22.Kh2 Qe7
23.h5 Re8 24.hxg6 hxg6 25.Bf1 Qe6 26.Be2 Bc8 27.g4 g5 28.Qf5 Qxf5 29.gxf5 Bxf5
30.Kg2 Kg7 31.Rd5 Be6 32.Rxg5+ Kf8 33.Rg6 Ke7 34.b4 Bd6 35.bxa5 bxa5 36.Bxa5 Ra8
37.Bc3 Rxa3 38.Rxa3 Bxa3  1/2-1/2

[Event "ch-ROU w"]
[Site "Baile Olanesti ROU"]
[Date "2010.02.03"]
[Round "5"]
[White "Foisor,M"]
[Black "Paulet,I"]
[Result "0-1"]
[WhiteElo "2145"]
[BlackElo "2314"]

1.d4 Nf6 2.c4 e6 3.g3 Bb4+ 4.Bd2 Qe7 5.Bg2 O-O 6.Nc3 d6 7.Qb3 Bxc3 8.Bxc3 Nbd7
9.e3 e5 10.Ne2 c5 11.d5 e4 12.Qc2 Ne5 13.Bxe5 Qxe5 14.Nc3 Re8 15.h3 Bd7 16.a4 Re7
17.a5 Rae8 18.Ra3 h5 19.Ne2 h4 20.g4 Nh7 21.Qc3 Qg5 22.Rg1 f5 23.gxf5 Qxf5
24.Nf4 Nf6 25.Bf1 Nh5 26.Nxh5 Qxh5 27.Be2 Qf7 28.Bg4 Bxg4 29.Rxg4 Qf3 30.Rxh4 Rf8
31.Rf4 Qxh3 32.Qd2 Qh1+ 33.Ke2 Ref7 34.Qd1 Qh5+ 35.Ke1 Qh1+ 36.Ke2 Qh5+ 37.Ke1 Qg5
38.Rxf7 Rxf7 39.Qe2 Rf3 40.Ra1 Qf6 41.Ra2 g5 42.Ra3 g4 43.Rb3 Qg7 44.a6 b6
45.Kd1 g3 46.fxg3 Qxg3 47.Qe1 Qg2  0-1

[Event "3rd Inv FIDE MN"]
[Site "Saint Paul USA"]
[Date "2010.02.11"]
[Round "6"]
[White "Amarasinghe,P"]
[Black "Mattson,D"]
[Result "1/2-1/2"]
[WhiteElo "1959"]
[BlackElo "2080"]

1.d4 Nf6 2.c4 e6 3.g3 Bb4+ 4.Bd2 Qe7 5.Bg2 Nc6 6.Nf3 Bxd2+ 7.Nbxd2 O-O 8.O-O d6
9.e4 e5 10.d5 Nb8 11.b4 a5 12.a3 Na6 13.Rb1 Bd7 14.Ne1 c6 15.dxc6 bxc6 16.Nd3 Rfb8
17.Qc2 axb4 18.axb4 Nc7 19.Qc3 Ne6 20.Nb3 Ra3 21.Qb2 Rba8 22.c5 Nd4 23.Nxd4 Rxd3
24.Nf5 Bxf5 25.cxd6 Qxd6 26.exf5 Rd8 27.Rbc1 e4 28.Qc2 Qxb4 29.Qxc6 Qd4 30.Rc4 Qd5
31.Bxe4 Nxe4 32.Qxd5 R3xd5 33.Rxe4 Rxf5 34.Rfe1 Kf8 35.Rc4 Rfd5 36.Kg2 Rd4
37.Rc7 R4d7 38.Rec1 Rxc7 39.Rxc7 g6 40.g4 Rd4 41.Kg3 g5 42.Rc5 h6 43.h4 Rd3+
44.f3 f6 45.h5 Rd7 46.Kf2 Re7 47.Rc8+ Kf7 48.Rh8 Kg7 49.Rd8 Kf7 50.Rd4 Ra7
51.Ke3 Re7+ 52.Re4 Ra7 53.Kd4 Ra4+ 54.Kd5 Ra5+ 55.Kd6  1/2-1/2

[Event "ch-IND National Teams"]
[Site "Gurgaon IND"]
[Date "2010.02.27"]
[Round "9"]
[White "Maheswaran,P"]
[Black "Laxman,R"]
[Result "0-1"]
[WhiteElo "2355"]
[BlackElo "2503"]

1.d4 Nf6 2.c4 e6 3.g3 Bb4+ 4.Nd2 c5 5.a3 Bxd2+ 6.Qxd2 cxd4 7.Nf3 d5 8.cxd5 e5
9.Nxe5 Qxd5 10.Nf3 Nc6 11.Qg5 O-O 12.Bg2 Qe6 13.O-O Qxe2 14.Qh4 Bg4 15.Bg5 Bxf3
16.Bxf6 gxf6 17.Qxf6 Bh5 18.Rae1 Qg4 19.Bxc6 bxc6 20.Re5 Bg6 21.f4 d3 22.f5 d2  0-1

[Event "3rd Inv FIDE MN"]
[Site "Saint Paul USA"]
[Date "2010.02.28"]
[Round "4"]
[White "Wasiluk,K"]
[Black "Iwu,O"]
[Result "1/2-1/2"]
[WhiteElo "2214"]
[BlackElo "2175"]

1.d4 Nf6 2.c4 e6 3.g3 Bb4+ 4.Bd2 Qe7 5.Bg2 Nc6 6.e3 Bxd2+ 7.Qxd2 Qb4 8.Ne2 Qxc4
9.O-O d5 10.Nbc3 Qb4 11.a3 Qe7 12.b4 a6 13.Rfc1 Nb8 14.e4 dxe4 15.Qg5 h6
16.Qf4 O-O 17.Nxe4 Nd5 18.Qe5 Nd7 19.Qh5 Rd8 20.f4 c6 21.Rc5 Nxc5 22.bxc5 f5
23.Nd2 Ne3 24.Rb1 Nc2 25.Nf3 Nxa3 26.Rd1 Nb5 27.Ne5 Bd7 28.g4 Be8 29.Qh3 Qf6
30.Qe3 fxg4 31.Ng3 h5 32.h3 Qh4 33.Ne4 Rd5 34.Ng5 Rxe5 35.Qxe5 Bf7 36.Qe4 g6
37.Rd3 Rd8 38.Qe5 Rd7 39.Ne4 Kf8 40.Ng5  1/2-1/2

[Event "JNBS UWI Masters"]
[Site "Kingston JAM"]
[Date "2010.03.17"]
[Round "4"]
[White "Pitterson,J"]
[Black "Hammar,B"]
[Result "1-0"]
[WhiteElo "2241"]
[BlackElo "2264"]

1.d4 Nf6 2.c4 e6 3.g3 Bb4+ 4.Bd2 Bxd2+ 5.Qxd2 O-O 6.Bg2 d6 7.Nc3 e5 8.Nf3 Qe7
9.O-O c6 10.h3 Re8 11.e4 Nbd7 12.Rad1 a5 13.b3 Nb6 14.Qe3 c5 15.dxc5 dxc5
16.Nb5 Ra6 17.Rd2 Rf8 18.Rfd1 Na8 19.Nd6 Rc6 20.Qg5 Nc7 21.Qxe5 Qxe5 22.Nxe5 Rb6
23.Nxc8 Rxc8 24.Rd8+ Rxd8 25.Rxd8+ Nfe8 26.Nd3 a4 27.Nxc5 axb3 28.axb3 Rb4
29.Rb8 Kf8 30.Rxb7  1-0

[Event "TCh-AUT 2009-10"]
[Site "Baden AUT"]
[Date "2010.03.29"]
[Round "10"]
[White "Likavsky,T"]
[Black "Bischoff,K"]
[Result "1/2-1/2"]
[WhiteElo "2476"]
[BlackElo "2569"]

1.d4 Nf6 2.c4 e6 3.g3 Bb4+ 4.Bd2 Be7 5.Bg2 d5 6.Nf3 Nbd7 7.O-O c6 8.Qc2 O-O
9.Bf4 Nh5 10.Bc1 Nhf6 11.Nbd2 b6 12.e4 Bb7 13.e5 Ne8 14.cxd5 cxd5 15.Re1 Rc8
16.Qd1 Qc7 17.Nf1 Qc2 18.Qxc2 Rxc2 19.Ne3 Rc8 20.Bd2 Nc7 21.Rec1 a5 22.Ne1 Ba6
23.f4 Nb5 24.Nf3 Rxc1+ 25.Rxc1 Rc8 26.Rxc8+ Bxc8 27.Bf1 Nc7 28.Bd3 Nb8 29.Kf2 Nc6
30.a3 Bd7 31.g4 Na7 32.f5 h6 33.Ng2 Ba4 34.Ke1 Nc6 35.Nf4 b5 36.Nh5 Bf8 37.f6 g6
38.Nf4 b4 39.axb4 Nxb4 40.Bb1 Be8 41.Nd3 Nxd3+ 42.Bxd3 a4 43.Kd1 Bb5 44.Bxb5 Nxb5
45.Kc2 g5 46.Ba5 Kh7 47.Kb1 Kg8 48.Ka2 Kh7 49.Bd8 Bb4 50.Be7 Ba5 51.Bc5 Kg6
52.Kb1 Kh7 53.Kc2 Kg6 54.Kd3 Kh7 55.Ke2 Kg8 56.Ng1 Nc7 57.Kd1 Na6 58.Bd6 Nb4
59.Ke2 Nc2 60.Nf3 Na1 61.Kd3 Nb3 62.Kc2 Bb6 63.Kc3 Ba5+ 64.Bb4 Bb6 65.Kd3 Nc1+
66.Kd2 Nb3+ 67.Ke3 Ba7 68.Bc3 Bb6 69.Nd2 Na5 70.Bxa5 Bxa5 71.Nb1 Kf8 72.Kd3 Bb4
73.Nc3 a3 74.b3 Ke8 75.Kc2 Kd7 76.Na2 Be1 77.Kd3  1/2-1/2

[Event "21st Pobeskydi Arcelor Mittal Cup"]
[Site "Frydek-Mistek CZE"]
[Date "2010.04.01"]
[Round "2"]
[White "Cherepov,A"]
[Black "Skrzypczak,A"]
[Result "1-0"]
[WhiteElo "2230"]
[BlackElo "1982"]

1.d4 Nf6 2.c4 e6 3.g3 Bb4+ 4.Bd2 Qe7 5.Bg2 O-O 6.Nf3 Bxd2+ 7.Qxd2 d6 8.Nc3 Nbd7
9.O-O c5 10.Rfd1 Rb8 11.Nb5 a6 12.Na7 Ne4 13.Qd3 f5 14.Nxc8 Rbxc8 15.dxc5 Ndxc5
16.Qe3 Qf6 17.Nd4 f4 18.gxf4 Qxf4 19.b4 Qxf2+ 20.Qxf2 Nxf2 21.bxc5 Nxd1 22.Rxd1 dxc5
23.Nxe6 Rf6 24.Ng5 h6 25.Bd5+ Kh8 26.Nf7+ Kh7 27.e4 Rc7 28.Nd8 b6 29.e5 Rg6+
30.Kf2 Rg4 31.e6 Kg6 32.Re1 Kf6 33.Nc6 Rxc6 34.Bxc6 Ke7 35.Bd5 b5 36.cxb5 axb5
37.Rc1 Kd6 38.Rxc5 Kxc5 39.e7 Rg5 40.Be6 Re5 41.e8=Q g5 42.Qe7+ Kc6 43.Bd7+ Kd5
44.Bc6+  1-0

[Event "21st Pobeskydi Distep Cup"]
[Site "Frydek-Mistek CZE"]
[Date "2010.04.03"]
[Round "5"]
[White "Khamitskiy,S"]
[Black "Motuz,K"]
[Result "1-0"]
[WhiteElo "2333"]
[BlackElo "2319"]

1.d4 Nf6 2.c4 e6 3.g3 Bb4+ 4.Nd2 O-O 5.Bg2 d5 6.Nf3 b6 7.O-O Bb7 8.Qc2 Nbd7
9.e4 dxe4 10.Ng5 Bxd2 11.Bxd2 c5 12.Be3 Rc8 13.Nxe4 Bxe4 14.Bxe4 Nxe4 15.Qxe4 Nf6
16.Qh4 Qc7 17.dxc5 bxc5 18.Rad1 Qe5 19.Rd2 h6 20.Rfd1 a5 21.Kg2 a4 22.Qf4 Qh5
23.Qf3 Qg6 24.Bf4 Rfe8 25.Be5 Ne4 26.Re2 Ng5 27.Qe3 Qf5 28.f4 Qh3+ 29.Kg1 Nh7
30.Qf3 h5 31.Bc3 Red8 32.Red2 Rxd2 33.Rxd2 Qf5 34.Qd3 Qg4 35.Qe2 Qg6 36.Qd3 Qg4
37.Kg2 h4 38.Qf3 h3+ 39.Kf2 Qf5 40.g4 Qb1 41.a3 Nf8 42.Qxh3 Qe4 43.Qf3 Qxc4
44.h4 Ng6 45.Kg3 Rf8 46.h5 Ne7 47.h6 gxh6 48.Qh1 Kh7 49.Rh2 Qd3+ 50.Kf2 Qc2+
51.Ke3 Nd5+ 52.Qxd5 Qxh2 53.Qe4+ f5 54.Qb7+  1-0

[Event "17th TCh-RUS Higher League"]
[Site "Dagomys RUS"]
[Date "2010.04.04"]
[Round "3"]
[White "Rozum,I"]
[Black "Bocharov,D"]
[Result "1/2-1/2"]
[WhiteElo "2472"]
[BlackElo "2597"]

1.d4 Nf6 2.c4 e6 3.g3 Bb4+ 4.Bd2 a5 5.Bg2 O-O 6.e4 Bxd2+ 7.Nxd2 d6 8.Ngf3 e5
9.O-O Bg4 10.h3 Bxf3 11.Nxf3 Nc6 12.Re1 Nd7 13.Qd2 Qf6 14.Rad1 Rfe8 15.Qc3 exd4
16.Nxd4 Nxd4 17.Qxd4 Qxd4 18.Rxd4 Kf8 19.Kf1 Rad8 20.Rd3 Ne5 21.Rc3 c5 22.Rd1 Ke7
23.Ke2 Nc6 24.Kd2 Nd4 25.Re3 Kd7 26.Kc3 Kc7 27.Bf1 Re6 28.Bd3 Rde8 29.Rde1 g5
30.f4 h6 31.Rf1 R8e7 32.Kd2 gxf4 33.Rxf4 f5 34.Bb1 Re5 35.Bd3 b5 36.b3 a4
37.g4 axb3 38.axb3 Nxb3+ 39.Kc3 Nd4 40.cxb5 d5 41.gxf5 Nxf5 42.Re1 Nd6 43.Ra1 c4
44.Ra7+ Kb8 45.Rxe7 Rxe7 46.exd5 cxd3 47.Kxd3 Kc7 48.Rf6 h5 49.Rh6 Nxb5 50.Rxh5 Kb6
51.h4 Nd6 52.Rg5 Kc5 53.h5 Re4 54.Rg2 Rh4 55.Ke3 Rxh5 56.Kf4 Rf5+ 57.Ke3 Kxd5
58.Rg3 Nc4+ 59.Kd3 Ne5+ 60.Kc3 Rf8 61.Rg1 Rc8+ 62.Kb3 Kd4 63.Rd1+ Nd3 64.Rh1 Rb8+
65.Ka4 Nc5+ 66.Ka5 Ne4 67.Rh4 Rb1 68.Rh5 Kc4 69.Rh4 Rb5+ 70.Ka6 Re5 71.Kb6 Re6+
72.Ka5 Re5+ 73.Kb6 Kd4 74.Rh8 Re6+ 75.Kb5 Nc3+ 76.Ka5 Rc6 77.Rh4+ Kc5 78.Rh5+ Nd5
79.Rh1 Rb6 80.Rc1+ Kd6 81.Rg1 Rb2 82.Rh1 Nc3 83.Rh3 Rb5+ 84.Ka6 Rb3 85.Ka5 Kc5
86.Rh5+ Nd5 87.Ka6 Rg3 88.Rh6 Rg7 89.Rh5 Re7 90.Rg5 Rh7 91.Re5 Rh6+ 92.Kb7 Rb6+
93.Ka7 Rh6 94.Rg5 Kc6 95.Rg7 Re6 96.Rh7 Nc7 97.Rh1 Re3 98.Rc1+ Kd7 99.Rd1+ Kc8
100.Kb6 Re6+ 101.Kc5 Kb7  1/2-1/2

[Event "21st Pobeskydi Arcelor Mittal Cup"]
[Site "Frydek-Mistek CZE"]
[Date "2010.04.05"]
[Round "9"]
[White "Cherepov,A"]
[Black "Kudzma,L"]
[Result "1/2-1/2"]
[WhiteElo "2230"]
[BlackElo "2236"]

1.d4 e6 2.c4 Nf6 3.g3 Bb4+ 4.Bd2 Qe7 5.Bg2 Nc6 6.Nf3 Bxd2+ 7.Nbxd2 d6 8.O-O e5
9.d5 Nb8 10.Qa4+ Nbd7 11.e4 O-O 12.b4 a5 13.a3 Ra6 14.Qc2 c6 15.Nb3 axb4
16.axb4 Rxa1 17.Rxa1 c5 18.bxc5 dxc5 19.Bh3 Nb6 20.Bxc8 Nxc8 21.Nfd2 Nd7
22.Nc1 Nd6 23.Nd3 h5 24.Ra5 Rc8 25.Qd1 g6 26.Kg2 Kg7 27.Qa1 f6 28.Qa3 b6
29.Ra7 Qd8 30.Qa1 Rc7 31.f4 Nf7 32.Nf3 Rxa7 33.Qxa7 Kf8 34.fxe5 fxe5 35.h4 Ke8
36.Qa4 Qf6 37.Kf2 Ke7 38.Qa7 Qd6 39.Ke3 Kf6 40.Qa1 Qb8 41.Qf1 Ke7 42.Qa1 Kf6
43.Qf1 Ke7 44.Qa1  1/2-1/2

[Event "IV Open"]
[Site "La Laguna ESP"]
[Date "2010.04.08"]
[Round "5"]
[White "Darias Darias,L"]
[Black "Perez de la Torre,J"]
[Result "1-0"]
[WhiteElo "1931"]
[BlackElo "1688"]

1.d4 Nf6 2.c4 e6 3.g3 Bb4+ 4.Bd2 Qe7 5.Nf3 O-O 6.Nc3 d6 7.Qc2 e5 8.Bg2 Bxc3
9.Bxc3 e4 10.Ng5 Bf5 11.e3 Re8 12.Nh3 c5 13.Nf4 Nc6 14.Qd2 cxd4 15.Bxd4 Ne5
16.Bxe5 Qxe5 17.h3 h6 18.Rd1 Rac8 19.b3 Red8 20.O-O Rc5 21.Qd4 Qxd4 22.Rxd4 b5
23.Rfd1 bxc4 24.b4  1-0

[Event "IV Open"]
[Site "La Laguna ESP"]
[Date "2010.04.09"]
[Round "6"]
[White "Ulibin,M"]
[Black "Hernandez Carmenates,Hold"]
[Result "1/2-1/2"]
[WhiteElo "2516"]
[BlackElo "2541"]

1.d4 Nf6 2.c4 e6 3.g3 Bb4+ 4.Bd2 Bxd2+ 5.Qxd2 c5 6.Bg2 Qb6 7.dxc5 Qxc5 8.Nc3 Nc6
9.Rc1 O-O 10.Nb5 Rd8 11.Nd6 Ne8 12.Nxe8 Rxe8 13.Nh3 Rb8 14.Ng5 f5 15.O-O Qd4
16.Rfd1 Qxd2 17.Rxd2 h6 18.Nh3 Kf7 19.e4 fxe4 20.Bxe4 Ne5 21.f4 Ng4 22.Bf3 Nf6
23.Nf2 b6 24.Nd3 Bb7 25.Ne5+ Ke7 26.Bxb7 Rxb7 27.Rcd1 Rc8 28.b3 Rcc7 29.Re1 b5
30.cxb5 Rxb5 31.Kg2 Rbc5 32.Ree2 Rd5 33.Rc2 Rdc5 34.Rcd2 a5 35.f5 Rd5 36.fxe6 Rxd2
37.Rxd2 d5 38.Nf3 Kxe6 39.Nd4+ Ke5 40.Nf3+ Kd6 41.Nd4 Ne4 42.Nb5+ Ke5 43.Rxd5+ Kxd5
44.Nxc7+ Kd4 45.Kf3 Nc3 46.a3 Nb1 47.Ke2 Nxa3 48.Kd2 g5 49.Ne6+ Ke4 50.h4 g4
51.Ke2 Nb5 52.Nc5+ Kd5 53.Nd7 Nd4+ 54.Kd3 Nxb3 55.Nf6+ Ke6 56.Nxg4 h5 57.Ke4  1/2-1/2

[Event "TCh-NED 2009-10"]
[Site "Netherlands NED"]
[Date "2010.04.18"]
[Round "9"]
[White "Kabatianski,A"]
[Black "Tjiam,D"]
[Result "1-0"]
[WhiteElo "2420"]
[BlackElo "2376"]

1.d4 Nf6 2.c4 e6 3.g3 Bb4+ 4.Bd2 Qe7 5.Bg2 Nc6 6.e3 Bxd2+ 7.Qxd2 d6 8.Nc3 O-O
9.Nge2 Nb8 10.O-O Nbd7 11.h3 a6 12.g4 Rb8 13.a4 b6 14.e4 Bb7 15.f4 h6 16.Ng3 Nh7
17.Rad1 Rfd8 18.Qf2 c6 19.d5 cxd5 20.exd5 a5 21.Rfe1 Nc5 22.Nf5 Qf8 23.Nd4 Re8
24.Nc6 Rbc8 25.Na7 Rb8 26.Nab5 Red8 27.Qd4 Nf6 28.Re2 Rd7 29.Rde1 Rbd8 30.Bf3 Kh8
31.Kg2 Re8 32.Qd2 Kg8 33.g5 hxg5 34.fxg5 Nh7 35.Nd4 e5 36.Bg4 Rdd8 37.Nc6 Ra8
38.Rf1 Bc8 39.Ref2 Bxg4 40.hxg4 f6 41.g6 Ng5 42.Qxg5  1-0

[Event "Venka & Antonia Ivanova Mem"]
[Site "Sofia BUL"]
[Date "2010.04.22"]
[Round "2"]
[White "Ivanov,Bor BUL"]
[Black "Ljangov,P"]
[Result "1/2-1/2"]
[WhiteElo "2156"]
[BlackElo "2110"]

1.d4 Nf6 2.c4 e6 3.g3 Bb4+ 4.Bd2 Qe7 5.Nf3 Bxd2+ 6.Qxd2 b6 7.Bg2 Bb7 8.Nc3 O-O
9.O-O Ne4 10.Nxe4 Bxe4 11.Qf4 d5 12.Rac1 Na6 13.Rfd1 c5 14.Ne5 Bxg2 15.Kxg2 dxc4
16.dxc5 Nxc5 17.Nxc4  1/2-1/2

[Event "ch-UKR"]
[Site "Alushta UKR"]
[Date "2010.05.04"]
[Round "2"]
[White "Tihonov,G"]
[Black "Borsuk,K"]
[Result "0-1"]
[WhiteElo "1916"]
[BlackElo "2319"]

1.d4 Nf6 2.c4 e6 3.g3 Bb4+ 4.Bd2 a5 5.Bg2 Nc6 6.e3 O-O 7.Ne2 d6 8.O-O Bxd2
9.Qxd2 e5 10.Nbc3 exd4 11.exd4 Ne7 12.Nf4 c6 13.Rac1 h6 14.Rfe1 g5 15.Nfe2 Ng6
16.Qd3 Bd7 17.b3 Nh5 18.Ne4 Bf5 19.Qf3 Ng7 20.N2c3 Bxe4 21.Qxe4 f5 22.Qd3 Qf6
23.a3 h5 24.Ra1 h4 25.b4 f4 26.Ne4 Qf5 27.b5 hxg3 28.hxg3 f3 29.Bf1 Nf4 30.gxf4 Qg4+
31.Kh2 Qh4+ 32.Kg1 Rxf4 33.Ng3 Rf6 34.Qe4 g4 35.Bg2 Raf8 36.Ra2 Rh6 37.Bxf3 Qh2+
38.Kf1 gxf3  0-1

[Event "ch-UKR"]
[Site "Alushta UKR"]
[Date "2010.05.08"]
[Round "6"]
[White "Tihonov,G"]
[Black "Kuchin,P"]
[Result "1-0"]
[WhiteElo "1916"]
[BlackElo "1994"]

1.d4 Nf6 2.c4 e6 3.g3 Bb4+ 4.Bd2 Qe7 5.Bg2 Nc6 6.e3 O-O 7.Ne2 a5 8.Nbc3 d6
9.a3 Bxc3 10.Nxc3 e5 11.d5 Nb8 12.O-O e4 13.Qc2 Re8 14.b4 Bg4 15.Nb5 Be2
16.Rfc1 Bd3 17.Qb2 c6 18.dxc6 bxc6 19.Nd4 Qd7 20.c5 d5 21.Bc3 Na6 22.Ne2 Nh5
23.Nd4 Rab8 24.Qd2 Bc4 25.Qd1 Nf6 26.Qa4 Rec8 27.Rcb1 h5 28.h3 axb4 29.axb4 Ra8
30.Qd1 Nc7 31.Rxa8 Rxa8 32.Ra1 Qe8 33.Nf5 Rxa1 34.Qxa1 Qd7 35.Nxg7 Kxg7 36.Bxf6+ Kg6
37.Bh8 Ne8 38.Be5 f6 39.Bf4 Qe6 40.Qa7 Ng7 41.Qa8 Kh7 42.Qf8 Bb5 43.Kh2 Nf5
44.g4 hxg4 45.hxg4 Qe7 46.Qxe7+ Nxe7 47.Kg3 Ng6 48.Bd6 Kg7 49.f3 exf3 50.Bxf3 Nh8
51.Bd1 Nf7 52.Bc2 Nh6 53.Bf4 Nf7 54.Kf3 Ng5+ 55.Bxg5 fxg5 56.e4 dxe4+ 57.Kxe4 Kf6
58.Bd3 Ba4 59.Be2 Ke6 60.Kd4 Kf6 61.Ba6 Bd1 62.Bb7 Ba4 63.Bc8 Bb5 64.Bf5 Be2
65.Ke3 Bd1 66.b5  1-0

[Event "XXIX Open A"]
[Site "Zalakaros HUN"]
[Date "2010.05.30"]
[Round "5"]
[White "Nemeth,D"]
[Black "Szabo,Zso2"]
[Result "0-1"]
[WhiteElo "2108"]
[BlackElo "2418"]

1.d4 Nf6 2.c4 e6 3.g3 Bb4+ 4.Bd2 Qe7 5.Nf3 Nc6 6.Nc3 O-O 7.Bg2 Bxc3 8.Bxc3 Ne4
9.Rc1 d6 10.O-O e5 11.Qc2 Nxc3 12.Qxc3 a5 13.a3 Bg4 14.d5 Bxf3 15.Bxf3 Nd4
16.b4 axb4 17.axb4 Ra2 18.c5 Rxe2 19.Qd3 Rb2 20.Rc4 Rb3 21.Rc3 Rxb4 22.Rfc1 Qf6
23.Bd1 Rb2 24.Qe3 g6 25.f3 h5 26.cxd6 cxd6 27.Rc7 b5 28.Qa3 e4 29.f4 Nf3+
30.Bxf3 Qd4+ 31.Kh1 Qf2 32.Qxb2 Qxb2 33.Bxe4 Re8 34.R7c2 Qb4 35.Bf3 Re1+
36.Rxe1 Qxe1+ 37.Kg2 b4  0-1

[Event "Sveins Minneturnering"]
[Site "Oslo NOR"]
[Date "2010.06.19"]
[Round "2"]
[White "Andersen,Mad"]
[Black "Gershenov,B"]
[Result "1-0"]
[WhiteElo "2353"]
[BlackElo "2061"]

1.d4 Nf6 2.c4 e6 3.g3 Bb4+ 4.Bd2 Be7 5.Bg2 d5 6.Nf3 b6 7.O-O O-O 8.Qc2 Ba6
9.Ne5 Bb7 10.cxd5 exd5 11.Bf4 Ne4 12.Rd1 Bd6 13.Nc3 Nxc3 14.bxc3 Qe7 15.c4 c6
16.cxd5 cxd5 17.Qb3 Qe6 18.Rac1 Rd8 19.Rc3 Bxe5 20.dxe5 Na6 21.Qb5 d4 22.Rc4 Bxg2
23.Kxg2 Nc5 24.a3 Qd5+ 25.f3 d3 26.e4 Qe6 27.Rc3 Rac8 28.Qb4 Qa2+ 29.Rd2 Qa1
30.Qc4 Qb1 31.Rc1 Qb3 32.Qxb3 Nxb3 33.Rxc8 Rxc8 34.Rxd3 Nc5 35.Rc3 Re8 36.Kf2 h6
37.h4 Re6 38.Ke2 g5 39.hxg5 hxg5 40.Bxg5 Rxe5 41.Be3 Rh5 42.Bxc5 bxc5 43.g4 Rh2+
44.Kd3  1-0

[Event "Open"]
[Site "Eforie Nord ROU"]
[Date "2010.06.21"]
[Round "5"]
[White "Lupulescu,C"]
[Black "Soltanici,R"]
[Result "1/2-1/2"]
[WhiteElo "2593"]
[BlackElo "2412"]

1.d4 Nf6 2.c4 e6 3.g3 Bb4+ 4.Bd2 Qe7 5.Bg2 Nc6 6.Nf3 Bxd2+ 7.Nbxd2 d6 8.O-O a5
9.e4 e5 10.d5 Nb8 11.b3 Na6 12.a3 Bg4 13.b4 O-O 14.Qb3 Bxf3 15.Bxf3 axb4
16.axb4 c5 17.dxc6 bxc6 18.Qc3 c5 19.b5 Nb4 20.Rxa8 Rxa8 21.Ra1 Qb7 22.Nf1 Ra7
23.Ne3 g6 24.Kg2 Kf8 25.g4 Qa8 26.Rxa7 Qxa7 27.g5 Nd7 28.Bd1 Qa8 29.Bc2 Qa2
30.Bd1  1/2-1/2

[Event "Open"]
[Site "Eforie Nord ROU"]
[Date "2010.06.22"]
[Round "6"]
[White "Mocanu,Se"]
[Black "Peptan,C"]
[Result "1-0"]
[WhiteElo "2227"]
[BlackElo "2416"]

1.d4 Nf6 2.c4 e6 3.g3 Bb4+ 4.Bd2 a5 5.Bg2 d5 6.cxd5 exd5 7.Nc3 O-O 8.a3 Be7
9.Nf3 Nbd7 10.O-O c6 11.Qc2 Re8 12.Rad1 Bd6 13.Bc1 Nf8 14.Nh4 Ng6 15.Bg5 Nxh4
16.Bxh4 h6 17.Bxf6 Qxf6 18.e4 dxe4 19.Nxe4 Qg6 20.d5 cxd5 21.Rxd5 Bf8 22.Qa4 b5
23.Rxb5 Bd7 24.Nc3 Ra6 25.Be4 Qf6 26.Qc4 Rc8 27.Qe2 Bxb5 28.Qxb5 Rb6 29.Qe2 Rd6
30.Bb1 Rd4 31.h4 Rcd8 32.Qh5 Qb6 33.Ne4 R8d5 34.Qf3 Qxb2 35.Nc3 Qxa3 36.Qxd5 Rxd5
37.Nxd5 Qf3  1-0

[Event "1st Open"]
[Site "Marrakesh MAR"]
[Date "2010.06.27"]
[Round "3"]
[White "Evdokimov,Alexa"]
[Black "Fedorchuk,S"]
[Result "0-1"]
[WhiteElo "2551"]
[BlackElo "2646"]

1.d4 Nf6 2.c4 e6 3.g3 Bb4+ 4.Bd2 Bxd2+ 5.Qxd2 d5 6.Bg2 c6 7.Nf3 O-O 8.Qc2 b6
9.O-O Bb7 10.Nbd2 Nbd7 11.b4 a5 12.a3 Qe7 13.c5 Ba6 14.Rfe1 axb4 15.axb4 Bb5
16.e3 Rfb8 17.Qc3 h6 18.Ra3 Qd8 19.Rea1 Rxa3 20.Qxa3 Ne8 21.Bf1 Nc7 22.Bd3 Bxd3
23.Qxd3 Ra8  0-1

[Event "Scheveningen"]
[Site "Kefar Sava ISR"]
[Date "2010.06.30"]
[Round "9"]
[White "Veinberg,N"]
[Black "Arlinsky,U"]
[Result "1/2-1/2"]
[WhiteElo "1952"]
[BlackElo "2293"]

1.d4 Nf6 2.c4 e6 3.g3 Bb4+ 4.Nd2 d5 5.Bg2 O-O 6.Nf3 b6 7.cxd5 exd5 8.O-O Nbd7
9.Nb3 Re8 10.Bf4 Bd6 11.Bxd6 cxd6 12.Rc1 Nf8 13.e3 Ng6 14.Qe2 a5 15.Rfd1 a4
16.Na1 Ne4 17.Nc2 Ba6 18.Qe1 Bc4 19.Nb4 Qd7 20.Nd2 Nxd2 21.Qxd2 Qb5 22.Qc3 Ne7
23.Rd2 Rac8 24.Rdc2 Bxa2 25.Nxa2 Rxc3 26.Nxc3 Qb3 27.Bf1 h5 28.Nb5 Nf5 29.Rd2 g6
30.Rc6 Kh7 31.Rdc2 Ra8 32.R6c3 Qb4 33.Nc7 Ra5 34.Na6 Rxa6 35.Bxa6 Qa5 36.Bb7 Kg7
37.Rc7 Kf6 38.Rd7 h4 39.Kg2 Qe1 40.Ba6 b5 41.Bxb5 hxg3 42.hxg3 Nxd4 43.Bxa4 Nxc2
44.Bxc2 Qc1 45.Rxd6+ Ke7 46.Rc6 Qxb2 47.Bd1 d4 48.exd4 Qxd4 49.Bf3 Kf8 50.Ra6 Kg7  1/2-1/2

[Event "1st Open"]
[Site "Marrakesh MAR"]
[Date "2010.06.30"]
[Round "7"]
[White "Gleizerov,E"]
[Black "Pogorelov,R"]
[Result "1/2-1/2"]
[WhiteElo "2578"]
[BlackElo "2454"]

1.d4 Nf6 2.c4 e6 3.g3 Bb4+ 4.Bd2 Be7 5.Bg2 d5 6.Nf3 c6 7.Qb3 O-O 8.Nc3 b6
9.O-O Ba6 10.cxd5 cxd5 11.Rac1 Nc6 12.Nb5 Na5 13.Bxa5 bxa5 14.Ne5 Bxb5 15.Qxb5 Rb8
16.Qa6 Rxb2 17.Nc6 Qd7 18.Nxe7+ Qxe7 19.Qxa5 Rxe2 20.a4 Ra2 21.Rc6 Ne4 22.Bxe4 dxe4
23.Ra6 e3 24.Rxa7 Qa3 25.Ra8 g6 26.Rxf8+ Kxf8 27.Qe5 exf2+ 28.Kg2 Qxa4 29.Qd6+ Kg7
30.Qe5+ Kg8 31.Qb8+ Kg7 32.Qe5+ Kg8 33.Qb8+  1/2-1/2

[Event "5th Open"]
[Site "Wroclaw POL"]
[Date "2010.07.01"]
[Round "8"]
[White "Markowski,T"]
[Black "Macieja,B"]
[Result "0-1"]
[WhiteElo "2628"]
[BlackElo "2618"]

1.d4 Nf6 2.c4 e6 3.g3 Bb4+ 4.Bd2 Be7 5.Bg2 d5 6.Nf3 c6 7.Qc2 O-O 8.O-O Nbd7
9.Rd1 a5 10.Bf4 b5 11.cxb5 cxb5 12.Bc7 Qe8 13.Nbd2 Ba6 14.Rdc1 Bd8 15.Nb3 a4
16.Nc5 Bxc7 17.Nxd7 Qxd7 18.Qxc7 b4 19.e3 Qxc7 20.Rxc7 Rfc8 21.Rac1 Rxc7
22.Rxc7 Bc4 23.a3 bxa3 24.bxa3 Rb8 25.Nd2 Bb3 26.Bf1 Kf8 27.Bd3 Ne8 28.Rc5 Ke7
29.Kf1 Kd6 30.Ke2 Nc7 31.f4 f6 32.Ra5 h6 33.h4 Rb6 34.e4 e5 35.fxe5+ fxe5
36.dxe5+ Kxe5 37.exd5 Rb8 38.Nf3+ Kd6 39.Nd4 Re8+ 40.Kd2 Nxd5 41.Nf5+ Ke5
42.Nxg7 Rf8 43.Ke2 Rf7 44.Nh5 Kd4 45.Nf4 Nxf4+ 46.gxf4 Rxf4 47.Rh5 Rf6 48.Rf5 Rxf5
49.Bxf5 Kc3 50.Bg4 Kb2 51.Kd2 Kxa3 52.Kc1 Kb4 53.Kb2 a3+ 54.Ka1 Bf7 55.Bf5 Kc5
56.Bh7 Kd6 57.Bc2 Ke5 58.Bd1 Kf4 59.h5 Kg5 60.Bf3 Bxh5 61.Bd5 Kf6 62.Bc6 Bf7
63.Bf3 Kg5 64.Be2 Be6 65.Bf3 Bg4 66.Bg2 h5  0-1

[Event "ch-Paris Int"]
[Site "Paris FRA"]
[Date "2010.07.03"]
[Round "1"]
[White "David,Alb"]
[Black "Leconte,M"]
[Result "1-0"]
[WhiteElo "2622"]
[BlackElo "2337"]

1.d4 Nf6 2.c4 e6 3.g3 Bb4+ 4.Bd2 c5 5.Bxb4 cxb4 6.Bg2 d5 7.Nd2 Nc6 8.Ngf3 O-O
9.Rc1 Bd7 10.O-O Qe7 11.e3 Rac8 12.Ne5 Na5 13.Re1 Rfd8 14.cxd5 Nxd5 15.Rxc8 Rxc8
16.e4 Nb6 17.d5 Qd6 18.Qh5 Be8 19.Nd3 Rc2 20.Qd1 Rc8 21.e5 Qd8 22.d6 Nd5
23.Bxd5 exd5 24.Nxb4 Rc5 25.Nf3 Nc6 26.Nxd5 Bd7 27.b4 Rc4 28.b5 Nb4 29.Ne7+ Kh8
30.Ng5 Qf8 31.Qh5  1-0